Đạo của vật lý-một khám phá về sự tương đồng giữa vật lý hiện đại và đạo học phương đông The tao of physics-an exploration of the paralfels between modern physics and eastern mysticism
v.v...
Đã lưu trong:
| Tác giả chính: | |
|---|---|
| Định dạng: | Sách |
| Năm xuất bản: |
TP.Hồ Chí Minh
Nxb Trẻ
1999
|
| Phiên bản: | In lần 2 có sửa chữa, bổ sung |
| Chủ đề: | |
| Tags: |
Thêm thẻ
Không có thẻ, Hãy là người đầu tiên gắn thẻ bản ghi này!
|
| LEADER | 00868nam a2200193 4500 | ||
|---|---|---|---|
| 082 | |a 539 |b C100P | ||
| 100 | |a Capra, Fritjof | ||
| 245 | |a Đạo của vật lý-một khám phá về sự tương đồng giữa vật lý hiện đại và đạo học phương đông |b The tao of physics-an exploration of the paralfels between modern physics and eastern mysticism |c Fritjof Capra; Nguyễn Tường Bách biên dịch | ||
| 250 | |a In lần 2 có sửa chữa, bổ sung | ||
| 260 | |a TP.Hồ Chí Minh |b Nxb Trẻ |c 1999 | ||
| 300 | |a 432tr. |c 20cm | ||
| 520 | |a v.v... | ||
| 653 | |a Vật lý | ||
| 653 | |a Vật lý hiện đại | ||
| 653 | |a Đạo học | ||
| 653 | |a Phương Đông | ||
| 942 | |2 ddc |c SH | ||
| 999 | |c 6221 |d 6221 | ||
| 952 | |0 0 |1 0 |2 ddc |4 0 |6 539_000000000000000_C100P |7 0 |8 500 |9 57198 |a qbu |b qbu |c D3 |d 2015-01-16 |g 50000 |o 539 C100P |p 5918.c1 |r 0000-00-00 |w 2015-01-16 |y SH | ||